| 000 | 00564nam a22002177a 4500 | ||
|---|---|---|---|
| 003 | OSt | ||
| 005 | 20220107122732.0 | ||
| 008 | 140401b xxu||||| |||| 00| 0 eng d | ||
| 020 | _a9788184049893 | ||
| 040 | _cIIITM-K | ||
| 082 | _a005.133 MIL/H | ||
| 100 |
_aMilton, Michael _93354 |
||
| 245 |
_aHead first Excel _cby Michael Milton |
||
| 260 |
_aMumbai, _bO'Reilly, _c2010. |
||
| 300 | _axxxvi, 402p. | ||
| 650 |
_aCOMPUTER SCIENCE _93355 |
||
| 650 |
_aPROGRAMMING LANGUAGES _93356 |
||
| 650 |
_aEXCEL PROGRAMMING _93357 |
||
| 700 | _93358 | ||
| 942 |
_2ddc _cBK |
||
| 999 |
_c3636 _d3636 |
||